[Event "11. Lichtenberger Sommer"]
[Site "Berlin"]
[Date "2012.08.23"]
[Round "6.19"]
[White "Elsing, Jan"]
[Black "Sieglen, Joachim"]
[Result "1-0"]
[WhiteElo "2124"]
[BlackElo "2281"]
[PlyCount "63"]
[EventDate "2012.??.??"]
[WhiteTeam "SC Friesen Lichtenberg e.V."]
[BlackTeam "SC Untergrombach 46"]

1. c4 Nf6 2. g3 e6 3. Bg2 d5 4. Nf3 dxc4 5. Qa4+ Nbd7 6. Qxc4 c5 7. d3 Bd6 8.
Nc3 a6 9. a4 b6 10. Nd2 Rb8 11. Nde4 Nxe4 12. Nxe4 Be7 13. Bf4 e5 14. Be3 O-O
15. Nc3 Kh8 16. Nd5 Bd6 17. O-O Bb7 18. b4 f5 19. bxc5 bxc5 20. Rab1 f4 21. Bd2
Bc8 22. Rxb8 Nxb8 23. Nc3 Bg4 24. Re1 Qd7 25. Ne4 Qc7 26. Bc3 Re8 27. Qd5 Bf8
28. gxf4 exf4 29. Qg5 Bc8 30. Bd2 Bd6 31. Nxd6 Qxd6 32. Bxf4 1-0

[Event "11. Lichtenberger Sommer"]
[Site "Berlin"]
[Date "2012.08.23"]
[Round "6.20"]
[White "Schulz, Michael"]
[Black "Püschel, Werner"]
[Result "1/2-1/2"]
[WhiteElo "2239"]
[BlackElo "2121"]
[PlyCount "181"]
[EventDate "2012.??.??"]
[WhiteTeam "SC Empor Potsdam 1952 e.V."]
[BlackTeam "SG Lasker Steglitz-Wilmersdorf"]

1. d4 c5 2. d5 d6 3. e4 e5 4. f4 exf4 5. Bxf4 Nf6 6. Nc3 a6 7. a4 Bg4 8. Be2
Bxe2 9. Qxe2 Be7 10. Nf3 O-O 11. O-O Nh5 12. Be3 Nd7 13. Rae1 g6 14. g4 Ng7 15.
Bf4 Qb6 16. Qd2 Rae8 17. Kh1 f6 18. b3 Ne5 19. Qg2 Qd8 20. Nd1 Qd7 21. Ne3 b5
22. axb5 axb5 23. Rg1 Ra8 24. Bh6 Nxf3 25. Qxf3 Rf7 26. Rg2 Bf8 27. Reg1 Re8
28. Nf1 Qe7 29. Ng3 Qe5 30. Bf4 Qe7 31. Ra1 Qb7 32. h4 Ra8 33. Rag1 Ra2 34. Bh6
Ne8 35. Bxf8 Rxf8 36. h5 Qe7 37. h6 Qe5 38. Rf1 Ra1 39. Rgf2 Rxf1+ 40. Rxf1 Rf7
41. Qf4 Qxf4 42. Rxf4 Kf8 43. Rf1 Ra7 44. e5 dxe5 45. Ne4 c4 46. bxc4 bxc4 47.
Nxf6 Nxf6 48. Rxf6+ Ke8 49. Rc6 Rd7 50. g5 Rxd5 51. Rxg6 e4 52. Rg8+ Kf7 53.
Rg7+ Kf8 54. Kg2 Rf5 55. Rxh7 Rxg5+ 56. Kf2 Rh5 57. Ke3 Rh2 58. Rc7 Rxh6 59.
Rxc4 Rh2 60. Kxe4 Ke7 61. Kd5 Kd7 62. Kc5 Kc7 63. Kb5+ Kb7 64. Ra4 Rh6 65. Rc4
Rh2 66. Rc5 Rh6 67. c3 Rg6 68. Re5 Rb6+ 69. Kc5 Rc6+ 70. Kd4 Rh6 71. Kd5 Kc7
72. c4 Rd6+ 73. Kc5 Rc6+ 74. Kd4 Rd6+ 75. Kc3 Rh6 76. Rg5 Kc6 77. Kb4 Kb6 78.
Rb5+ Kc6 79. Ra5 Rh1 80. Ra6+ Kb7 81. Rg6 Rh5 82. Rg7+ Kc6 83. Rg6+ Kc7 84. Re6
Rg5 85. Re7+ Kc6 86. Re8 Rh5 87. Rc8+ Kb7 88. Rg8 Kc6 89. Rg6+ Kc7 90. c5 Rh1
91. Rg7+ 1/2-1/2

[Event "11. Lichtenberger Sommer"]
[Site "Berlin"]
[Date "2012.08.23"]
[Round "6.21"]
[White "Rohde, Wolfgang"]
[Black "Albrecht, Rainer"]
[Result "0-1"]
[WhiteElo "2185"]
[BlackElo "2110"]
[PlyCount "92"]
[EventDate "2012.??.??"]
[WhiteTeam "SC Friesen Lichtenberg e.V."]
[BlackTeam "SC Kreuzberg e.V."]

1. c4 f5 2. g3 Nf6 3. Bg2 e6 4. Nc3 Be7 5. d3 O-O 6. Qc2 Nc6 7. Nf3 d6 8. O-O
e5 9. Rb1 a5 10. a3 Qe8 11. Nd5 Bd8 12. b4 axb4 13. axb4 Qh5 14. b5 Ne7 15.
Nxf6+ gxf6 16. Kh1 Be6 17. Nh4 c6 18. Bf3 Qf7 19. Bh6 Re8 20. bxc6 bxc6 21. Rb7
d5 22. e4 fxe4 23. dxe4 Bc8 24. Rfb1 Bxb7 25. Rxb7 d4 26. Qe2 Qe6 27. Nf5 Nxf5
28. exf5 Qxf5 29. Bg4 Qg6 30. Bh5 Qxh6 31. Bxe8 Qh3 32. Qd1 Ba5 33. Bd7 f5 34.
Bxc6 Bc3 35. Rb1 Rd8 36. Qa4 e4 37. Qb5 d3 38. Bd5+ Kh8 39. Qc6 Rf8 40. Qd6 Bg7
41. c5 Qg4 42. Qf4 Qxf4 43. gxf4 Bc3 44. c6 Bd2 45. f3 e3 46. c7 e2 0-1

[Event "11. Lichtenberger Sommer"]
[Site "Berlin"]
[Date "2012.08.23"]
[Round "6.24"]
[White "Konrad, Erhard"]
[Black "Paulsen, Dirk"]
[Result "1/2-1/2"]
[WhiteElo "1956"]
[BlackElo "2374"]
[PlyCount "51"]
[EventDate "2012.??.??"]
[WhiteTeam "SG Lasker Steglitz-Wilmersdorf"]
[BlackTeam "SG Lasker Steglitz-Wilmersdorf"]

1. Nf3 d6 2. g3 e5 3. d3 Nc6 4. Bg2 f5 5. e4 Nf6 6. Nc3 Be7 7. Bg5 O-O 8. Bxf6
Bxf6 9. Nd5 g5 10. Qd2 f4 11. Nxf6+ Qxf6 12. g4 Bxg4 13. h4 gxh4 14. Nxh4 f3
15. Bf1 Qf4 16. c3 Rf6 17. Qxf4 Rxf4 18. Bh3 Bxh3 19. Rxh3 Ne7 20. Kd2 Raf8 21.
Rg1+ Kh8 22. Ke3 R4f6 23. Nxf3 Rg8 24. Rgh1 Rf7 25. Rh5 Kg7 26. Rxh7+ 1/2-1/2

[Event "11. Lichtenberger Sommer"]
[Site "Berlin"]
[Date "2012.08.23"]
[Round "6.25"]
[White "Heerde, Thomas"]
[Black "Vogel, Robert"]
[Result "0-1"]
[WhiteElo "1969"]
[BlackElo "2258"]
[PlyCount "80"]
[EventDate "2012.??.??"]
[WhiteTeam "SC Weisse Dame e.V."]
[BlackTeam "SGem Pang/Rosenheim"]

1. Nf3 g6 2. g3 Bg7 3. Bg2 e5 4. O-O Nc6 5. c3 Nge7 6. e4 O-O 7. d4 d6 8. Be3
b6 9. Na3 Bb7 10. Re1 h6 11. d5 Nb8 12. b4 Nd7 13. Nc2 f5 14. c4 fxe4 15. Nd2
b5 16. Nxe4 bxc4 17. Nc3 a5 18. Rc1 Nf5 19. a3 axb4 20. axb4 Nb6 21. Be4 Bc8
22. Qe2 Nd4 23. Qd1 Qf6 24. f4 Bh3 25. Ne2 Nb3 26. Rb1 Bg4 27. fxe5 Qxe5 28.
Bg2 Na4 29. Bd4 Nxd4 30. Qxd4 Bxe2 31. Qxe5 Bxe5 32. Rxe2 Nc3 33. Rxe5 dxe5 34.
Re1 Ra2 35. Ne3 Re2 36. Rxe2 Nxe2+ 37. Kh1 c3 38. Be4 Kg7 39. Kg2 Nd4 40. Nc4
c2 0-1

[Event "11. Lichtenberger Sommer"]
[Site "Berlin"]
[Date "2012.08.23"]
[Round "6.31"]
[White "Jaeger, Andre"]
[Black "Major, Vitalij"]
[Result "0-1"]
[WhiteElo "2002"]
[BlackElo "2147"]
[PlyCount "72"]
[EventDate "2012.??.??"]
[WhiteTeam "SC Rochade e.V."]
[BlackTeam "SC Zitadelle Spandau 1977 e.V."]

1. d4 Nf6 2. c4 e6 3. Nc3 d5 4. cxd5 exd5 5. Bg5 Be7 6. e3 c6 7. Qc2 Nbd7 8.
Bd3 O-O 9. Nge2 Re8 10. f3 c5 11. O-O h6 12. Bh4 Nf8 13. Bxf6 Bxf6 14. dxc5
Rxe3 15. Rad1 d4 16. Nb5 Ne6 17. b4 a5 18. a3 axb4 19. axb4 Qd5 20. Bc4 Qg5 21.
Nbxd4 Nf4 22. Nxf4 Qxf4 23. Ne2 Qh4 24. g3 Qg5 25. Rd5 Re5 26. f4 Qf5 27. Bd3
Rxd5 28. Bxf5 Bxf5 29. Qc4 Rd2 30. Qb5 Raa2 31. Qe8+ Kh7 32. Re1 Bd3 33. Qxf7
Bd4+ 34. Kf1 Rxe2 35. Rxe2 Bxe2+ 36. Ke1 Bc3+ 0-1

[Event "11. Lichtenberger Sommer"]
[Site "Berlin"]
[Date "2012.08.23"]
[Round "6.32"]
[White "Dreke, Frank"]
[Black "Sawlin, Leonid"]
[Result "0-1"]
[WhiteElo "2025"]
[BlackElo "1952"]
[PlyCount "48"]
[EventDate "2012.??.??"]
[WhiteTeam "Treptower SV 1949 e.V."]
[BlackTeam "TuS Makkabi Berlin e.V."]

1. e4 e6 2. d4 d5 3. Bd3 Nf6 4. Nd2 c5 5. e5 Nfd7 6. c3 Nc6 7. Ndf3 cxd4 8.
cxd4 f6 9. Nh3 Bb4+ 10. Kf1 O-O 11. Bxh7+ Kxh7 12. Nfg5+ fxg5 13. Qh5+ Kg8 14.
Nxg5 Qxg5 15. Bxg5 Nxd4 16. Qg4 Bc5 17. b4 Nxe5 18. Qd1 b6 19. f4 Ba6+ 20. Kf2
Nd3+ 21. Kg3 Nf5+ 22. Kf3 e5 23. bxc5 e4+ 24. Ke2 Nb2+ 0-1

[Event "11. Lichtenberger Sommer"]
[Site "Berlin"]
[Date "2012.08.23"]
[Round "6.33"]
[White "Marxen, Peter"]
[Black "Schmidek, Emil"]
[Result "1-0"]
[WhiteElo "2140"]
[BlackElo "1836"]
[PlyCount "75"]
[EventDate "2012.??.??"]
[WhiteTeam "Preetzer TSV"]
[BlackTeam "TuS Makkabi Berlin e.V."]

1. c4 Nf6 2. d4 g6 3. Nc3 Bg7 4. g3 d6 5. Bg2 O-O 6. Nf3 Nbd7 7. O-O e5 8. dxe5
dxe5 9. Qc2 c6 10. Rd1 Qe7 11. e4 Nc5 12. h3 Qc7 13. b3 Re8 14. Be3 Ne6 15.
Rac1 Nf8 16. Bc5 Be6 17. Bd6 Qc8 18. Kh2 N6d7 19. Qd2 f6 20. Bf1 Bf7 21. h4 Ne6
22. Bh3 Qd8 23. Qb2 Qc8 24. Nd5 Nd4 25. Nxd4 cxd5 26. cxd5 Qd8 27. Bc7 Qc8 28.
Ne6 b5 29. Bd6 Qa6 30. Rc6 Qb7 31. Rc7 Qb6 32. Rxd7 f5 33. exf5 Bxe6 34. dxe6
Bf6 35. Bxe5 Bxh4 36. Bc7 Bf6 37. Qxf6 Qxf2+ 38. Bg2 1-0

[Event "11. Lichtenberger Sommer"]
[Site "Berlin"]
[Date "2012.08.23"]
[Round "6.34"]
[White "Zur, Jan"]
[Black "Reiche, Henry"]
[Result "1-0"]
[WhiteElo "2001"]
[BlackElo "2004"]
[PlyCount "87"]
[EventDate "2012.??.??"]
[WhiteTeam "SC Zugzwang 95 e.V."]
[BlackTeam "SC Zugzwang 95 e.V."]

1. e4 Nf6 2. e5 Nd5 3. d4 d6 4. c4 Nb6 5. f4 dxe5 6. fxe5 Bf5 7. Nc3 e6 8. Be3
Nc6 9. Nf3 Be7 10. Be2 O-O 11. O-O f6 12. Rc1 a6 13. h3 fxe5 14. dxe5 Qxd1 15.
Rcxd1 Rad8 16. a3 Bc2 17. Rc1 Bd3 18. Bxb6 cxb6 19. b4 Bxe2 20. Nxe2 Rd3 21.
Rc3 Rfd8 22. Rfc1 g5 23. g4 h6 24. Kg2 Bf8 25. Rxd3 Rxd3 26. Rc3 Rxc3 27. Nxc3
Bg7 28. Na4 Bxe5 29. Nxe5 Nxe5 30. Nxb6 Kf7 31. Kf2 Ke7 32. Ke3 Kd6 33. Ke4 Ng6
34. c5+ Kc6 35. Nc4 Ne7 36. Na5+ Kc7 37. Nc4 Nc6 38. Ne5 Nd8 39. Ng6 Kc6 40. a4
a5 41. Ne5+ Kc7 42. b5 Kc8 43. b6 Kb8 44. Kd4 1-0

[Event "11. Lichtenberger Sommer"]
[Site "Berlin"]
[Date "2012.08.23"]
[Round "6.35"]
[White "Lämmel, Sebastian"]
[Black "Jeremic, Dusan"]
[Result "1-0"]
[WhiteElo "1888"]
[BlackElo "2210"]
[PlyCount "111"]
[EventDate "2012.??.??"]
[WhiteTeam "SV Cranzahl 1962"]
[BlackTeam "BSC Rehberge 1945 e.V."]

1. e4 c5 2. Nf3 d6 3. d4 cxd4 4. Nxd4 Nf6 5. Nc3 a6 6. Bg5 e6 7. f4 Be7 8. Qf3
Qc7 9. O-O-O b5 10. Bxf6 gxf6 11. f5 e5 12. Nd5 Qd8 13. Nb3 Bb7 14. g4 Bxd5 15.
Rxd5 Nd7 16. Be2 Nb6 17. Rd3 Na4 18. Kb1 Rc8 19. Rhd1 Rc6 20. Qe3 Qc7 21. R3d2
h5 22. Qh3 h4 23. Qe3 Kd7 24. Rf1 Rc8 25. Rc1 Nb6 26. Na5 Rc5 27. Nb3 Rc4 28.
Bxc4 Nxc4 29. Qh3 Nxd2+ 30. Nxd2 Qc5 31. Qxh4 Qe3 32. Qe1 Qf4 33. Qe2 Rh8 34.
Nb3 Rh3 35. Qd1 Ke8 36. Qd5 Kf8 37. Qa8+ Kg7 38. Qxa6 Qxe4 39. Qxb5 Rxh2 40.
Qd7 Bf8 41. a4 Kg8 42. g5 fxg5 43. a5 Rh3 44. Qb5 Rh4 45. Rg1 f6 46. a6 Qc4 47.
Qa5 Qc6 48. Qd8 d5 49. Rxg5+ Kf7 50. a7 Rh2 51. c3 Qa4 52. a8=Q Rh1+ 53. Nc1
Qe4+ 54. Ka2 Qc4+ 55. Nb3 Rh8 56. Qd7+ 1-0

[Event "11. Lichtenberger Sommer"]
[Site "Berlin"]
[Date "2012.08.23"]
[Round "6.36"]
[White "Welz, Peter"]
[Black "Yuan, Yizheng"]
[Result "0-1"]
[WhiteElo "2140"]
[BlackElo "1895"]
[PlyCount "53"]
[EventDate "2012.??.??"]
[WhiteTeam "SV Empor Berlin e.V."]
[BlackTeam "Sfrd. Berlin 1903 e.V."]

1. e4 e5 2. Nf3 Nc6 3. d4 exd4 4. Nxd4 Nf6 5. Nxc6 bxc6 6. Bd3 d5 7. e5 Ng4 8.
O-O Bc5 9. Qe2 Qe7 10. Bf4 g5 11. Bg3 h5 12. e6 Bxe6 13. Nd2 h4 14. Be5 Nxe5
15. Qxe5 Kd7 16. a3 Qd6 17. Qc3 g4 18. b4 Bb6 19. Nb3 g3 20. Nc5+ Bxc5 21. bxc5
Qf4 22. Rae1 gxh2+ 23. Kh1 h3 24. Be4 dxe4 25. Qd4+ Ke7 26. Qxe4 Qxe4 27. Rxe4
0-1

[Event "11. Lichtenberger Sommer"]
[Site "Berlin"]
[Date "2012.08.23"]
[Round "6.37"]
[White "Kapr, Klaus"]
[Black "Schwedek, Tony"]
[Result "1/2-1/2"]
[WhiteElo "2095"]
[BlackElo "1862"]
[PlyCount "73"]
[EventDate "2012.??.??"]
[WhiteTeam "SC Friesen Lichtenberg e.V."]
[BlackTeam "SC Zitadelle Spandau 1977 e.V."]

1. e4 e5 2. Nf3 Nc6 3. Bb5 Nf6 4. O-O Nxe4 5. d4 Nd6 6. Bxc6 dxc6 7. dxe5 Nf5
8. Qxd8+ Kxd8 9. Nc3 Ke8 10. b3 Bb4 11. Ne4 h6 12. Bb2 Be6 13. a3 Be7 14. h3
Nh4 15. Nd4 Bd7 16. f4 c5 17. Ne2 h5 18. N2g3 Nf5 19. Rae1 Nxg3 20. Nxg3 Bh4
21. Re3 Bxg3 22. Rxg3 Rg8 23. f5 g6 24. e6 fxe6 25. Rxg6 Kf7 26. Rf6+ Ke7 27.
fxe6 Bc6 28. R1f2 Raf8 29. Rxf8 Rxf8 30. Rxf8 Kxf8 31. Bf6 Bd5 32. e7+ Kf7 33.
Bh4 a5 34. Kf2 b5 35. Bg5 b4 36. axb4 cxb4 37. Bf4 1/2-1/2

[Event "11. Lichtenberger Sommer"]
[Site "Berlin"]
[Date "2012.08.23"]
[Round "6.39"]
[White "Baranowsky, Peter"]
[Black "Burger, Heinrich"]
[Result "0-1"]
[WhiteElo "1963"]
[BlackElo "2138"]
[PlyCount "76"]
[EventDate "2012.??.??"]
[WhiteTeam "Sfrd. Berlin 1903 e.V."]
[BlackTeam "VfB Hermsdorf e.V."]

1. c4 Nf6 2. g3 g6 3. Bg2 Bg7 4. Nc3 c5 5. d3 Nc6 6. e4 d6 7. Nge2 O-O 8. O-O
Rb8 9. Rb1 a6 10. f4 Bd7 11. a4 Ne8 12. Be3 Nd4 13. h3 f5 14. Kh2 a5 15. Bf2
Nxe2 16. Nxe2 e5 17. exf5 gxf5 18. Bd5+ Kh8 19. fxe5 Bxe5 20. d4 cxd4 21. Bxd4
Nf6 22. Nf4 Nxd5 23. Nxd5 Qg5 24. Rf4 Bc6 25. b4 axb4 26. Rxb4 Rg8 27. Qd3 Rbf8
28. a5 Qg7 29. Qc3 Bxd4 30. Qxd4 Qe5 31. Ne7 Rg7 32. Nxc6 bxc6 33. a6 c5 34.
Qxe5 dxe5 35. Rxf5 Rxf5 36. Rb8+ Rg8 37. a7 Rf2+ 38. Kg1 Ra2 0-1

[Event "11. Lichtenberger Sommer"]
[Site "Berlin"]
[Date "2012.08.23"]
[Round "6.40"]
[White "Langner, Tobias"]
[Black "Gräfe, Charly"]
[Result "0-1"]
[WhiteElo "1948"]
[BlackElo "1950"]
[PlyCount "58"]
[EventDate "2012.??.??"]
[WhiteTeam "USV Potsdam e.V., Abt. Schach"]
[BlackTeam "SF Friedrichshagen"]

1. e4 c5 2. Nf3 d6 3. d4 cxd4 4. Nxd4 Nf6 5. Nc3 g6 6. Be2 Bg7 7. O-O O-O 8.
Bg5 Nc6 9. Nb3 h6 10. Be3 Bd7 11. f4 Rc8 12. h3 a6 13. Qe1 Na5 14. f5 Nc4 15.
Bxc4 Rxc4 16. Nd2 Rc8 17. Qh4 g5 18. Qf2 Bb5 19. Nxb5 axb5 20. Bb6 Qd7 21. Rac1
Qc6 22. Rfe1 Ra8 23. a3 Ra4 24. Bd4 e5 25. fxe6 fxe6 26. Qe3 Ng4 27. Bxg7 Nxe3
28. Bxf8 Nxg2 29. Bxh6 Nxe1 0-1

[Event "11. Lichtenberger Sommer"]
[Site "Berlin"]
[Date "2012.08.23"]
[Round "6.41"]
[White "Olivares, Eduardo"]
[Black "Schulz, Hartmut"]
[Result "1/2-1/2"]
[WhiteElo "1849"]
[BlackElo "2081"]
[PlyCount "81"]
[EventDate "2012.??.??"]
[WhiteTeam "SC Zitadelle Spandau 1977 e.V."]
[BlackTeam "SC Rotation Pankow e.V."]

1. d4 d5 2. c4 e6 3. Nc3 Nf6 4. cxd5 exd5 5. Bg5 Be7 6. e3 c6 7. Qc2 Nbd7 8.
Bd3 O-O 9. Nf3 Re8 10. O-O Nf8 11. a3 Nh5 12. Bxe7 Qxe7 13. b4 a6 14. Rfb1 g6
15. a4 Be6 16. b5 axb5 17. axb5 c5 18. dxc5 Qxc5 19. Ne2 Qxc2 20. Bxc2 Rxa1 21.
Rxa1 Rc8 22. Bb3 Rc5 23. Nfd4 Nf6 24. f3 Bd7 25. Rc1 Rxc1+ 26. Nxc1 Ne6 27.
Nce2 Kf8 28. Nc3 Ke7 29. Nxd5+ Nxd5 30. Bxd5 Nxd4 31. exd4 b6 32. Bc6 Be6 33.
Kf2 Kd6 34. Ke3 g5 35. g4 f6 36. Ke4 Bf7 37. Ke3 h6 38. Kd3 Bg6+ 39. Ke3 Bf7
40. Kd3 Bg6+ 41. Ke3 1/2-1/2

[Event "11. Lichtenberger Sommer"]
[Site "Berlin"]
[Date "2012.08.23"]
[Round "6.42"]
[White "Jachym, Adam"]
[Black "Wirth, Heinz"]
[Result "1-0"]
[WhiteElo "1881"]
[BlackElo "1988"]
[PlyCount "65"]
[EventDate "2012.??.??"]
[WhiteTeam "Spolem Opole"]
[BlackTeam "SC Weisse Dame e.V."]

1. e4 Nf6 2. e5 Nd5 3. d4 d6 4. c4 Nb6 5. f4 dxe5 6. fxe5 c5 7. d5 g6 8. Bf4
Bg7 9. Bd3 O-O 10. Qe2 e6 11. d6 Nc6 12. Nf3 f6 13. Nc3 fxe5 14. Bg5 Qxd6 15.
Ne4 Qc7 16. h4 Nd4 17. Qf2 Bd7 18. Rh3 Nc8 19. h5 Be8 20. O-O-O Rb8 21. Rdh1
Rf5 22. g4 Rf8 23. Ned2 e4 24. Bxe4 Qe5 25. Nxe5 Rxf2 26. Nd3 Rf8 27. Nxc5 b5
28. hxg6 hxg6 29. Bh6 Rf2 30. Bxg7 Kxg7 31. Nd3 Rf7 32. Rh8 Nd6 33. g5 1-0

[Event "11. Lichtenberger Sommer"]
[Site "Berlin"]
[Date "2012.08.23"]
[Round "6.43"]
[White "Hahlbohm, Matthias"]
[Black "Barisch, Florian"]
[Result "1-0"]
[WhiteElo "2065"]
[BlackElo "1979"]
[PlyCount "85"]
[EventDate "2012.??.??"]
[WhiteTeam "TSG Oberschöneweide e.V."]
[BlackTeam "SV 1934 Ffm-Griesheim"]

1. e4 c5 2. Nf3 e6 3. c3 Nc6 4. d4 cxd4 5. cxd4 Nf6 6. Nc3 Bb4 7. Bd3 d5 8. e5
Ne4 9. Bd2 Nxd2 10. Qxd2 h6 11. O-O Qb6 12. Rac1 Bd7 13. Bb1 O-O-O 14. a3 Bxc3
15. Rxc3 Kb8 16. b4 Rc8 17. Rc5 Ka8 18. Bd3 g5 19. Qb2 g4 20. Nd2 Ne7 21. Nb3
Ba4 22. Rxc8+ Rxc8 23. Nc5 Bb5 24. Qe2 Bxd3 25. Qxd3 Nf5 26. Rd1 Qc7 27. h3
gxh3 28. Qxh3 Qe7 29. Rd3 Qg5 30. Nb3 Rc4 31. Nd2 Rxd4 32. Rc3 Kb8 33. Nf3 Rd1+
34. Kh2 Qg7 35. g3 Nd4 36. Qh5 Nxf3+ 37. Rxf3 Re1 38. Rxf7 Qxe5 39. Rf8+ Kc7
40. Qe8 Qd6 41. Qb8+ Kc6 42. Rc8+ Kd7 43. Rd8+ 1-0

[Event "11. Lichtenberger Sommer"]
[Site "Berlin"]
[Date "2012.08.23"]
[Round "6.44"]
[White "Schlittermann, Wolfgang"]
[Black "Badestein, Hartmut"]
[Result "0-1"]
[WhiteElo "1755"]
[BlackElo "2099"]
[PlyCount "76"]
[EventDate "2012.??.??"]
[WhiteTeam "SV Osram e.V."]
[BlackTeam "SC Friesen Lichtenberg e.V."]

1. d4 Nf6 2. c4 e6 3. a3 b6 4. Nc3 Bb7 5. Bg5 Be7 6. Qc2 O-O 7. e4 d5 8. cxd5
exd5 9. e5 Nfd7 10. Be3 c5 11. Nf3 Nc6 12. Nxd5 Nxd4 13. Nxe7+ Qxe7 14. Nxd4
cxd4 15. Bxd4 Nxe5 16. Bxe5 Qxe5+ 17. Qe2 Qf6 18. O-O-O Rfe8 19. Qg4 Qxf2 20.
Bb5 Qc5+ 21. Qc4 Qxc4+ 22. Bxc4 Rac8 23. b3 b5 24. Rd7 Bxg2 25. Rg1 Bh3 26.
Rxa7 bxc4 27. b4 Ra8 28. Rxa8 Rxa8 29. Rg3 Bd7 30. Rc3 Bb5 31. Kd2 Rd8+ 32. Kc2
Rd3 33. Rxd3 cxd3+ 34. Kc3 f5 35. a4 Bxa4 36. Kxd3 Kf7 37. Ke3 Kf6 38. Kf4 g5+
0-1

[Event "11. Lichtenberger Sommer"]
[Site "Berlin"]
[Date "2012.08.23"]
[Round "6.45"]
[White "Montolio Benedicto, Cesar"]
[Black "Schubert, Joachim"]
[Result "1/2-1/2"]
[WhiteElo "1956"]
[BlackElo "1771"]
[PlyCount "60"]
[EventDate "2012.??.??"]
[WhiteTeam "Gros Xake Taldea"]
[BlackTeam "SC Friesen Lichtenberg e.V."]

1. e4 c5 2. c3 e6 3. d4 cxd4 4. cxd4 Bb4+ 5. Nc3 Ne7 6. Nf3 O-O 7. Bd3 f5 8.
exf5 Nxf5 9. O-O Nc6 10. d5 Bxc3 11. dxc6 Bf6 12. cxd7 Bxd7 13. Qb3 Qb6 14.
Bxf5 Qxb3 15. Bxh7+ Kxh7 16. axb3 Rfc8 17. Be3 a6 18. Bd4 Rc2 19. Rfd1 Bc6 20.
Bxf6 gxf6 21. Nd4 Rxb2 22. Nxc6 bxc6 23. Rd6 Kg6 24. Rxe6 Rxb3 25. Rxc6 a5 26.
h4 a4 27. Rc2 f5 28. g3 a3 29. Kg2 Ra4 30. Rca2 Kh5 1/2-1/2

[Event "11. Lichtenberger Sommer"]
[Site "Berlin"]
[Date "2012.08.23"]
[Round "6.48"]
[White "Tahiri, Daut"]
[Black "Lieder, Günter"]
[Result "1-0"]
[WhiteElo "2114"]
[BlackElo "1862"]
[PlyCount "50"]
[EventDate "2012.??.??"]
[WhiteTeam "SK Tempelhof 1931 e.V."]
[BlackTeam "SK Turm Bad Hersfeld"]

1. e4 d5 2. exd5 Qxd5 3. Nc3 Qa5 4. d4 c6 5. Bc4 Nf6 6. Bd2 Bf5 7. Qf3 e6 8. d5
Qc7 9. dxe6 Bxe6 10. Qe2 Qe7 11. O-O-O Bxc4 12. Qxc4 Qc5 13. Re1+ Kd8 14. Qxf7
Nbd7 15. Nh3 Kc8 16. Re8+ Nxe8 17. Qxe8+ Kc7 18. Qxa8 Qf5 19. Bf4+ Kb6 20. Rd1
g5 21. Qd8+ Ka6 22. Rxd7 Bg7 23. Qc7 Bxc3 24. Qxb7+ Ka5 25. Bc7+ Ka4 1-0

[Event "11. Lichtenberger Sommer"]
[Site "Berlin"]
[Date "2012.08.23"]
[Round "6.49"]
[White "Meyer, Ulrich"]
[Black "Bandlow, Matthias"]
[Result "1/2-1/2"]
[WhiteElo "2069"]
[BlackElo "1971"]
[PlyCount "114"]
[EventDate "2012.??.??"]
[WhiteTeam "Schachclub Sendenhorst e.V."]
[BlackTeam "SC Borussia Friedrichsfelde 1920"]

1. d4 d5 2. Bf4 Nf6 3. Nf3 e6 4. e3 Bd6 5. Bxd6 Qxd6 6. c3 O-O 7. Ne5 c5 8. Bd3
b6 9. Nd2 Bb7 10. f4 Ne4 11. Qf3 f6 12. Ng4 Nd7 13. Nf2 Nxd2 14. Kxd2 e5 15.
Bf5 exd4 16. exd4 cxd4 17. cxd4 Rac8 18. Nd3 Ba6 19. a3 Rc4 20. Qe3 Rd8 21. b3
Rc7 22. Nb4 Bb7 23. Rac1 Nf8 24. Rxc7 Qxc7 25. Re1 a5 26. Nd3 Bc8 27. Rc1 Qb8
28. Qh3 Bxf5 29. Qxf5 Qd6 30. b4 Ne6 31. Qg4 Nxd4 32. Rc8 f5 33. Rxd8+ Qxd8 34.
Qd1 Qe7 35. Ne5 Qe8 36. Ke3 Nb5 37. Qxd5+ Kh8 38. bxa5 bxa5 39. a4 Nc3 40. Qxa5
Nxa4 41. Kd4 g6 42. Qc7 Kg8 43. Qb7 Qd8+ 44. Nd7 Nb6 45. Qb8 Qxb8 46. Nxb8 Kf7
47. Kc5 Na4+ 48. Kd6 Nc3 49. Ke5 Ne2 50. Nc6 Nc3 51. Nd4 Ke7 52. h3 Nd1 53.
Nc6+ Kf7 54. Nb4 Ne3 55. g3 Nf1 56. g4 fxg4 57. hxg4 h6 1/2-1/2

[Event "11. Lichtenberger Sommer"]
[Site "Berlin"]
[Date "2012.08.23"]
[Round "6.50"]
[White "Poseck, Steffen"]
[Black "Knopf, Roland"]
[Result "1-0"]
[WhiteElo "2076"]
[BlackElo "1886"]
[PlyCount "41"]
[EventDate "2012.??.??"]
[WhiteTeam "BSV 63 Chemie Weißensee"]
[BlackTeam "SC Kreuzberg e.V."]

1. c4 e5 2. Nc3 Nf6 3. g3 d5 4. cxd5 Nxd5 5. Bg2 c6 6. Nxd5 cxd5 7. d4 e4 8. e3
Nc6 9. f3 Bf5 10. a3 Be7 11. Ne2 Rc8 12. Nc3 exf3 13. Qxf3 Be6 14. O-O Na5 15.
Nxd5 Nb3 16. Nxe7 Qxe7 17. Rb1 O-O 18. d5 Bd7 19. e4 Nd4 20. Qf2 Rc4 21. b3 1-0

[Event "11. Lichtenberger Sommer"]
[Site "Berlin"]
[Date "2012.08.23"]
[Round "6.51"]
[White "Costello, Colin"]
[Black "Sappok, Marius"]
[Result "0-1"]
[WhiteElo "1956"]
[BlackElo "1977"]
[PlyCount "94"]
[EventDate "2012.??.??"]
[WhiteTeam "SC Weisse Dame e.V."]
[BlackTeam "SC Pirmasens 1912"]

1. c4 e5 2. g3 Nf6 3. Bg2 d5 4. cxd5 Nxd5 5. Nc3 Nb6 6. Nf3 Nc6 7. O-O Be7 8.
a3 O-O 9. b4 Be6 10. d3 f6 11. Bb2 Qd7 12. Re1 a5 13. b5 Nd4 14. Nd2 Nd5 15. a4
Nb4 16. Rc1 Rab8 17. Nce4 c6 18. Nc5 Bxc5 19. Rxc5 Qd6 20. Ne4 Qe7 21. Bxd4
exd4 22. bxc6 Nxc6 23. Rb5 b6 24. Qa1 Nb4 25. Rc1 Rfd8 26. Nd2 Bd7 27. Rc7 Qxe2
28. Rxb4 axb4 29. Nc4 Be6 30. Re7 Re8 31. Rxe8+ Rxe8 32. Qxd4 Qe1+ 33. Bf1 Bh3
34. Qd5+ Kh8 35. Nd2 Bxf1 36. Nxf1 Qe6 37. Qb5 b3 38. Ne3 Rd8 39. h4 g6 40. Kh2
Rd4 41. Ng2 Qd5 42. Qe8+ Kg7 43. Nf4 Rxf4 44. gxf4 b2 45. Qe7+ Kh6 46. Qf8+ Kh5
47. Qg7 h6 0-1

[Event "11. Lichtenberger Sommer"]
[Site "Berlin"]
[Date "2012.08.23"]
[Round "6.52"]
[White "Grassi, Fabrizio"]
[Black "Penner, Markus"]
[Result "0-1"]
[WhiteElo "1933"]
[BlackElo "1998"]
[PlyCount "168"]
[EventDate "2012.??.??"]
[WhiteTeam "SV Berlin-Friedrichstadt"]
[BlackTeam "SK Zehlendorf e.V."]

1. d4 Nf6 2. Bf4 g6 3. e3 Bg7 4. Nf3 O-O 5. Be2 d6 6. O-O c5 7. c3 cxd4 8. cxd4
a6 9. a4 Nc6 10. Nc3 Qb6 11. Nd2 d5 12. Qb3 Qxb3 13. Nxb3 Bf5 14. Nc5 Ra7 15.
Rfc1 Nb4 16. a5 Nd7 17. Ra4 Nxc5 18. Rxb4 Ne6 19. Nxd5 Nxf4 20. Nxf4 e5 21.
dxe5 Bxe5 22. Bf3 Rd8 23. g4 Bc8 24. Rbc4 Ra8 25. Nd5 Be6 26. Nc7 Bxc4 27. Nxa8
Be6 28. Nb6 Rd2 29. b4 Rb2 30. h3 Rxb4 31. Bxb7 Rb5 32. Bxa6 Rxa5 33. Bc4 Rc5
34. Nd7 Rxc4 35. Rxc4 Bxd7 36. Rc5 Bb2 37. Rc2 Bf6 38. Rc7 Be6 39. Kg2 Be5 40.
Ra7 g5 41. f3 Kg7 42. Kf2 h5 43. Ra5 f6 44. Rb5 h4 45. Rb6 Kf7 46. Rb7+ Ke8 47.
Ra7 Bd7 48. Rb7 Ke7 49. Rb6 Be6 50. Ra6 Bd5 51. Rb6 Kd7 52. Rb1 Kc6 53. Rc1+
Kb5 54. Rc2 Kb4 55. Rc8 Kb3 56. Rc5 Bc4 57. Rc8 Kc3 58. Rd8 Bg3+ 59. Kg2 Bd3
60. Rd7 Kd2 61. e4 Ke3 62. Ra7 Be5 63. Rb7 Bd4 64. Rb8 Be2 65. Rb3+ Kf4 66. Rb4
Bxf3+ 67. Kf1 Be3 68. Ra4 Kg3 69. Ra3 Bd4 70. Rb3 Kf4 71. Rb4 Kxe4 72. Ra4 Kd5
73. Ra3 Be4 74. Ke2 Ke5 75. Ra4 Bg2 76. Ra3 Ke4 77. Rb3 Bc5 78. Rb5 Bd6 79. Rb6
Bg3 80. Rb4+ Ke5 81. Rb5+ Kd4 82. Rf5 Bxh3 83. Kf3 Be5 84. Kf2 Bxg4 0-1